<?xml version="1.0" encoding="UTF-8"?>
<record
    xmlns:xsi="http://www.w3.org/2001/XMLSchema-instance"
    xsi:schemaLocation="http://www.loc.gov/MARC21/slim http://www.loc.gov/standards/marcxml/schema/MARC21slim.xsd"
    xmlns="http://www.loc.gov/MARC21/slim">

  <leader>03792cam a2200289   4500500</leader>
  <controlfield tag="005">20260405002300.0</controlfield>
  <datafield tag="041" ind1=" " ind2=" ">
    <subfield code="a">fre</subfield>
  </datafield>
  <datafield tag="042" ind1=" " ind2=" ">
    <subfield code="a">dc</subfield>
  </datafield>
  <datafield tag="100" ind1="1" ind2="0">
    <subfield code="a">Bonvalet, Catherine</subfield>
    <subfield code="e">author</subfield>
  </datafield>
  <datafield tag="700" ind1="1" ind2="0">
    <subfield code="a">Leli&#xE8;vre, &#xC9;va</subfield>
    <subfield code="e">author</subfield>
  </datafield>
  <datafield tag="245" ind1="0" ind2="0">
    <subfield code="a">Les lieux de la famille</subfield>
  </datafield>
  <datafield tag="260" ind1=" " ind2=" ">
    <subfield code="c">2005.
							</subfield>
  </datafield>
  <datafield tag="500" ind1=" " ind2=" ">
    <subfield code="a">54</subfield>
  </datafield>
  <datafield tag="520" ind1=" " ind2=" ">
    <subfield code="a">R&#xE9;sum&#xE9; L&#x2019;espace dans lequel s&#x2019;organisent les relations de parent&#xE9; est devenu l&#x2019;une des approches f&#xE9;condes pour &#xE9;tudier le fonctionnement de la famille contemporaine. Cet article propose d&#x2019;&#xE9;tablir une &#xAB;&#xA0;sorte de carte th&#xE9;orique des lieux de famille&#xA0;&#xBB; &#xE0; partir des lieux d&#x2019;origine et des lieux de la parent&#xE8;le que viendra compl&#xE9;ter une carte des lieux r&#xE9;ellement mobilis&#xE9;s que sont la r&#xE9;sidence secondaire et les autres lieux fr&#xE9;quent&#xE9;s r&#xE9;guli&#xE8;rement. &#xC0; partir des donn&#xE9;es de l&#x2019;enqu&#xEA;te Biographies et entourage la mosa&#xEF;que de lieux qui compose l&#x2019;univers g&#xE9;ographique de l&#x2019;enqu&#xEA;t&#xE9; est reconstitu&#xE9;e par touches successives afin de montrer comment se construit le territoire des familles. Ayant confront&#xE9; le territoire familial &#xE9;lectif constitu&#xE9; des lieux fr&#xE9;quent&#xE9;s &#xE0; l&#x2019;espace de r&#xE9;f&#xE9;rence des enqu&#xEA;t&#xE9;s que repr&#xE9;sentent les lieux d&#x2019;origine, les lieux d&#xE9;finis par les r&#xE9;sidences des membres vivants de la lign&#xE9;e, un territoire qui s&#x2019;&#xE9;tend au-del&#xE0; de la r&#xE9;gion se dessine.</subfield>
  </datafield>
  <datafield tag="520" ind1=" " ind2=" ">
    <subfield code="a">Research on the space where kinship relations are enacted has become a rich approach to the study of contemporary family life. This article outlines a &#xAB;&#xA0;theoretical map for family space&#xA0;&#xBB;, using the place of origin of individuals and other kinship ties together with current important places (such as second homes or particular geographical spaces that are frequently used). Using data from the &#xAB;&#xA0; Biographies et Entourage&#xA0;&#xBB; survey, the mosaic of places that make up the geographical universe of the individual is constructed by building up these successive layers in order to show how family territory is conceptualised. The research shows that by confronting the given family territory with often frequented places (whether these be place of origin or places defined by where family members live), family space is shown to extend beyond the immediate locality of the individual.</subfield>
  </datafield>
  <datafield tag="520" ind1=" " ind2=" ">
    <subfield code="a">Resumen El espacio en el cual se organizan las relaciones parentales es una de las aproximaciones mas fecundas para el estudio del funcionaiento de la familia contemporanea. Las autoras proponen aqu&#xED; de establecer una especie de &#xAB;&#xA0;mapa te&#xF3;rico&#xA0;&#xBB; de los espacios familiares a partir de los lugares de origen de los padres que completa un mapa de espacios realmente utilizados como son la residencia estival u otros sitios regularmente frecuentados. A partir de los datos suministrados en la encuesta Biografias y entornos, el mosaico de espacios que componen el universo geogr&#xE1;fico del encuestado ha sido reconstituido con toques sucesivos con el fin de mostrar como se construye el territorio de la familia. Confrontando el territorio familiar electivo constituido por lugares frecuentados, comparados con el espacio de referencia de los encuestados que son los lugares de origen, y los lugares definidos por las residencias de los miembros existentes de una linea familiar, se esboza un territorio que va mas all&#xE1; de la regi&#xF3;n.</subfield>
  </datafield>
  <datafield tag="690" ind1=" " ind2=" ">
    <subfield code="a">Biographies et entourage</subfield>
  </datafield>
  <datafield tag="690" ind1=" " ind2=" ">
    <subfield code="a">espace de vie</subfield>
  </datafield>
  <datafield tag="690" ind1=" " ind2=" ">
    <subfield code="a">fonctionnement familial</subfield>
  </datafield>
  <datafield tag="690" ind1=" " ind2=" ">
    <subfield code="a">territoire familial</subfield>
  </datafield>
  <datafield tag="690" ind1=" " ind2=" ">
    <subfield code="a">biographies and entourage</subfield>
  </datafield>
  <datafield tag="690" ind1=" " ind2=" ">
    <subfield code="a">family functioning</subfield>
  </datafield>
  <datafield tag="690" ind1=" " ind2=" ">
    <subfield code="a">family territory</subfield>
  </datafield>
  <datafield tag="690" ind1=" " ind2=" ">
    <subfield code="a">life space</subfield>
  </datafield>
  <datafield tag="786" ind1="0" ind2=" ">
    <subfield code="n">Espaces et soci&#xE9;t&#xE9;s | 120-121 | 1 | 2005-06-01 | p. 99-122 | 0014-0481</subfield>
  </datafield>
  <datafield tag="856" ind1="4" ind2="1">
    <subfield code="u">https://shs.cairn.info/revue-espaces-et-societes-2005-1-page-99?lang=fr&amp;redirect-ssocas=7080</subfield>
  </datafield>
  <datafield tag="999" ind1=" " ind2=" ">
    <subfield code="c">2056220</subfield>
    <subfield code="d">2056220</subfield>
  </datafield>
</record>
